000 00237nam a2200097Ia 4500
005 20251222114342.0
008 251222s1900||||xx |||||||||||||| ||spa||
082 _aDVD0070/H86/1981
245 0 _aChariots of Fire:Carrozas de fuego
942 _cDVD
999 _c910
_d910